| 000 | 00392nam a22001457a 4500 | ||
|---|---|---|---|
| 008 | 250310b |||||||| |||| 00| 0 eng d | ||
| 020 | _a0227377980X | ||
| 050 |
_aHD30.213 _b.L38 |
||
| 100 | _aLAUDON, Kenneth C. | ||
| 245 | _aManagement Information System: Managing the Digital Firm | ||
| 250 | _a12th | ||
| 260 |
_aEngland _bPearson Education Limited _c2013 |
||
| 300 | _a615p. | ||
| 942 | _cBK | ||
| 999 |
_c2186 _d2186 |
||